|
|
|
|
| LEADER |
00000nab a2200000 a 4500 |
| 001 |
vtls000878390 |
| 003 |
SK-MaSNL |
| 005 |
20260302160915.0 |
| 008 |
180206c2003 xo 0 slo |
| 015 |
|
|
|a SNBRB2004/07-20771
|
| 035 |
|
|
|a CLN000229940
|
| 040 |
|
|
|a SNKBUCL
|b slo
|c SNKBUCL
|e AACR2
|
| 041 |
0 |
|
|a slo
|
| 044 |
|
|
|a xo
|c SK
|
| 080 |
|
|
|a 628.5(437.6):665.666.4
|2 UDC-MRF-SK2
|
| 080 |
|
|
|a 665.666.4
|2 UDC-MRF-SK2
|
| 100 |
1 |
|
|a Rabayová, Zdena
|4 aut
|9 845685
|
| 245 |
1 |
0 |
|a Znížia emisie síry až o 800 ton ročne
|b investícia do budúcnosti Slovnaftu
|c Zdena Rabayová
|
| 300 |
|
|
|b Fotogr.
|
| 610 |
|
7 |
|a Slovnaft (Bratislava, Slovensko)
|2 snkbucl
|9 270722
|
| 650 |
0 |
7 |
|a emisie
|2 snkbucl
|9 290897
|
| 650 |
0 |
7 |
|a odsírenie
|2 snkbucl
|9 16455
|
| 655 |
|
7 |
|a články z novín a časopisov
|2 snkbucl
|9 267496
|
| 773 |
0 |
|
|x 1335-874X
|t XXI. storočie
|g Roč. 6, č. 2 (2003), s. 37
|
| 850 |
|
|
|a Slovenská národná knižnica v Martine
|
| 852 |
|
|
|a SNK
|b KIS3GCP
|
| 958 |
|
|
|a RBX
|
| 999 |
|
|
|c 1375889
|d 1377819
|